000 00205nam a2200085Ia 4500
008 120527s9999 xx 000 0 und d
100 _aLUNSFORD, et al
245 _aThe new St. martin's Handbook
942 _cBK
999 _c25558
_d25558